|
|
|
|
| LEADER |
00000nam a22000007a 4500 |
| 005 |
20220718225052.0 |
| 007 |
cr|||| |||| |
| 008 |
220718s2017 br |||||s|||| 00||0 por d |
| 020 |
|
|
|a 978857147955-5
|
| 035 |
|
|
|a 36729
|
| 040 |
|
|
|a vLex
|
| 090 |
|
|
|c 13579
|d 13579
|
| 100 |
1 |
|
|a Frazô, Ana
|
| 245 |
1 |
0 |
|a Associaė̳s
|h [Recurso electrn̤ico] :
|b Constituiȯ̂, fundamentos e perspectivas /
|c Ana Frazô, Oksandro Gonȧlves, Uinie Caminha
|
| 256 |
|
|
|a Servicio en ln̕ea
|
| 260 |
|
|
|a Rio de Janeiro:
|b Editora Processo,
|c 2017
|
| 300 |
|
|
|a 1 recurso electrn̤ico
|
| 500 |
|
|
|a A presente obra nasceu de uma constataȯ̂ comum aos seus organizadores: o material doutrinr̀io e legal sobre associaė̳s ̌quase inexistente em nosso pas̕. Tanto do ponto de vista acadm̊ico, como na prt̀ica da advocacia, ̌tarefa hercl︢ea e nem sempre bem sucedida encontrar refern̊cias de pesquisa sobre o tema. Mesmo os poucos livros sobre o assunto tm̊ normalmente abordagens e recortes especf̕icos, que nem sempre possibilitam a compreensô geral dos aspectos fundamentais das associaė̳s. A escolha dos temas teve a intenȯ̂ de possibilitar uma compreensô nô apenas dos aspectos gerais das associaė̳s, mas tambm̌ as controvřsias e discusse̳s mais atuais, tais como a possibilidade de exercc̕io de atividade econm̥ica ou empresr̀ia por associaȯ̂, a possibilidade de recuperaȯ̂ judicial, dentre outros. Este ,̌ portanto, o perfil da obra que agora compartilhamos com o pb︢lico, certas de que ̌resultado de tratamento sřio e aprofundado do assunto, realizado por grandes autores brasileiros, o que faz dela um trabalho n︢ico em nossa doutrina, apto a atender s̉ pretense̳s de estudantes e profissionais e, sobretudo, a ampliar os horizontes do necessr̀io debate sobre associaė̳s no Brasil.
|
| 506 |
1 |
|
|a Disponible solo en los productos indicados
|d vLex Global
|d vLex Global (Academic Edition, excluding Law Schools)
|d vLex Global (U.S. Academic Edition, Law Schools)
|d vLex Global (U.S. Academic Edition, excluding Law Schools)
|d vLex Global (Academic Edition, Law Schools)
|
| 650 |
0 |
4 |
|a Cd̤igo de Comercio y Registro Mercantil
|z Brasil
|
| 650 |
0 |
4 |
|a Comercio
|z Brasil
|
| 700 |
1 |
|
|a Gonȧlves, Oksandro
|
| 700 |
1 |
|
|a Caminha, Uinie
|
| 740 |
0 |
|
|a vLex Libros (Servicio en ln̕ea)
|
| 856 |
4 |
0 |
|u https://app.vlex.com/#/sources/36729
|z Acceso restringido
|
| 942 |
|
|
|c BOOK
|
| 999 |
0 |
|
|a Code of Commerce and Mercantile Registry
|
| 999 |
0 |
|
|a Trade
|